Operating system concepts (Record no. 135802)
[ view plain ]
| 000 -LEADER | |
|---|---|
| fixed length control field | 00352nam a2200145Ia 4500 |
| 008 - FIXED-LENGTH DATA ELEMENTS--GENERAL INFORMATION | |
| fixed length control field | 230917s9999||||xx |||||||||||||| ||und|| |
| 040 ## - CATALOGING SOURCE | |
| -- | 110916 |
| Original cataloging agency | VIVEKANANDA LIBRARY |
| 041 ## - Language | |
| -- | English |
| 082 ## - DDC NUMBER | |
| Classification number | 005.43 G41E |
| 100 ## - MAIN ENTRY--PERSONAL NAME | |
| Personal name | Gill,P.S |
| 245 #0 - TITLE STATEMENT | |
| Title | Operating system concepts |
| 260 ## - PUBLICATION, DISTRIBUTION, ETC. (IMPRINT) | |
| Place of publication, distribution, etc | New Delhi |
| Name of publisher, distributor, etc | Firewall media |
| Date of publication, distribution, etc | 2006 |
| 300 ## - PHYSICAL DESCRIPTION | |
| Pages | 181 p. ; 9 |
| 942 ## - ADDED ENTRY ELEMENTS (KOHA) | |
| Koha item type | Books |
| Withdrawn status | Lost status | Damaged status | Not for loan | Location (home branch) | Sublocation or collection (holding branch) | Shelving location | Date acquired | Koha issues (times borrowed) | Koha full call number | Accession No. | Koha date last seen | Koha item type |
|---|---|---|---|---|---|---|---|---|---|---|---|---|
| VIVEKANANDA LIBRARY | VIVEKANANDA LIBRARY | UIET Library | 27/07/2006 | 005.43 G41E | 236237 | 17/09/2023 | Books | |||||
| VIVEKANANDA LIBRARY | VIVEKANANDA LIBRARY | 27/07/2006 | 005.43 G41E | 256628 | 17/09/2023 | Books | ||||||
| VIVEKANANDA LIBRARY | VIVEKANANDA LIBRARY | 27/07/2006 | 4 | 005.43 G41E | 256724 | 11/02/2026 | Books | |||||
| VIVEKANANDA LIBRARY | VIVEKANANDA LIBRARY | 27/07/2006 | 3 | 005.43 G41E | 256725 | 10/02/2026 | Books | |||||
| VIVEKANANDA LIBRARY | VIVEKANANDA LIBRARY | 27/07/2006 | 3 | 005.43 G41E | 256726 | 04/01/2024 | Books | |||||
| VIVEKANANDA LIBRARY | VIVEKANANDA LIBRARY | 27/07/2006 | 2 | 005.43 G41E | 256727 | 19/12/2023 | Books | |||||
| VIVEKANANDA LIBRARY | VIVEKANANDA LIBRARY | 27/07/2006 | 005.43 G41E | 256728 | 17/09/2023 | Books |
